Loading...
| Science - Biology | 0 | 3 | 0 | 2 | 30 | 70 | 89.33 | 0 | 3 | 0.00 | 0.00 |
| Fine Arts - Classical Music | 0 | 2 | 0 | 1 | 20 | 104 | 120.00 | 0 | 2 | 0.00 | 0.00 |
| Fine Arts - Painting & Sculpture | 0 | 2 | 0 | 1 | 20 | 130 | 131.50 | 0 | 2 | 0.00 | 0.00 |
| Mythology | 0 | 2 | 0 | 2 | 20 | 135 | 142.50 | 0 | 2 | 0.00 | 0.00 |
| Social Science | 0 | 1 | 0 | 1 | 10 | 85 | 85.00 | 0 | 1 | 0.00 | 0.00 |
| History - European | 0 | 1 | 0 | 0 | 10 | 72 | 72.00 | 0 | 1 | 0.00 | 0.00 |
| History - World | 0 | 1 | 0 | 1 | 10 | 121 | 121.00 | 0 | 1 | 0.00 | 0.00 |
| Literature - European | 0 | 1 | 0 | 1 | 10 | 137 | 137.00 | 0 | 1 | 0.00 | 0.00 |
| Other | 0 | 1 | 0 | 0 | 10 | 77 | 77.00 | 0 | 1 | 0.00 | 0.00 |
| History - American | 0 | 1 | 1 | 0 | 5 | 80 | 80.00 | 0 | 1 | 0.00 | 0.00 |
| Philosophy | 0 | 1 | 1 | 0 | 5 | 32 | 32.00 | 1 | 1 | 0.00 | 0.00 |
| Literature - American | 0 | 1 | 1 | 1 | 5 | 142 | 142.00 | 0 | 1 | 0.00 | 0.00 |
| Literature - World | 0 | 0 | 0 | 0 | 0 | 0.00 | 0 | 0 | 0.00 | 0.00 |